[Event "FRA Team Ch"]
[Site "MONTPELLIER"]
[Date "2002.02.01"]
[Round "1.1"]
[White "Magem Badals, Jordi"]
[Black "Bricard, Emmanuel"]
[Result "1/2-1/2"]
[WhiteElo "2502"]
[BlackElo "2443"]
[PlyCount "52"]
[EventDate "2002.02.??"]
[WhiteTeam "Orange"]
[BlackTeam "Toulouse"]

1. e4 g6 2. d4 Bg7 3. Nc3 d6 4. Bg5 a6 5. Nf3 h6 6. Bh4 Bg4 7. Bc4 g5 8. h3
Bxf3 9. Qxf3 e6 10. Bg3 Bxd4 11. e5 Bxc3+ 12. bxc3 d5 13. Bd3 c5 14. c4 Qa5+
15. Kf1 Nc6 16. cxd5 exd5 17. Qxd5 Nge7 18. Qb3 O-O-O 19. Qxf7 Qc3 20. Re1 Rhf8
21. Qb3 Qxb3 22. axb3 Nb4 23. Be4 Rd2 24. Re2 Rd1+ 25. Re1 Rd2 26. Re2 Rd1+
1/2-1/2

[Event "FRA Team Ch"]
[Site "MONTPELLIER"]
[Date "2002.02.01"]
[Round "1.2"]
[White "Arizmendi Martinez, Julen Luis"]
[Black "Narciso Dublan, Marc"]
[Result "1-0"]
[WhiteElo "2497"]
[BlackElo "2476"]
[PlyCount "147"]
[EventDate "2002.02.??"]
[WhiteTeam "Toulouse"]
[BlackTeam "Orange"]

1. e4 d6 2. d4 Nf6 3. Nc3 g6 4. Nf3 Bg7 5. Be2 O-O 6. O-O c6 7. Bf4 Nbd7 8. Re1
Qb6 9. Rb1 e5 10. dxe5 dxe5 11. Nxe5 Nxe4 12. Nxe4 Nxe5 13. Qd6 f6 14. Bxe5
fxe5 15. Bc4+ Kh8 16. Be6 Bxe6 17. Qxe6 Rad8 18. c3 Rd5 19. b3 Qa5 20. Rb2 Qd8
21. Qg4 Rf4 22. Qe2 Qc8 23. Rbb1 Rf8 24. Rbd1 Rfd8 25. c4 Rd4 26. Rxd4 exd4 27.
Nc5 b6 28. Nd3 Qf5 29. g3 Bf8 30. f4 Kg8 31. Qf3 Bd6 32. Kg2 c5 33. Re4 Kf8 34.
Qe2 Qd7 35. Re6 Kf7 36. Re4 Qc6 37. Qf3 Qd7 38. Re2 Qf5 39. g4 Qc8 40. h3 Re8
41. Qd5+ Kg7 42. Re4 h5 43. Kf3 hxg4+ 44. hxg4 Rxe4 45. Qxe4 Qc7 46. Qe6 Qc6+
47. Qe4 Qd7 48. a4 Qf7 49. Ke2 Qd7 50. Nf2 a6 51. Kf3 b5 52. axb5 axb5 53. Qd5
bxc4 54. bxc4 Qc7 55. Ne4 Be7 56. Qe6 Qb7 57. f5 Qb3+ 58. Kg2 Qb2+ 59. Nf2 Qb7+
60. Ne4 gxf5 61. gxf5 Qb2+ 62. Kf3 Qb3+ 63. Kf4 Qb8+ 64. Kg4 Qd8 65. Qg6+ Kh8
66. f6 Qd7+ 67. Kh4 Bd8 68. Ng5 Bxf6 69. Qxf6+ Kg8 70. Qg6+ Qg7 71. Qe8+ Qf8
72. Qxf8+ Kxf8 73. Ne6+ Ke7 74. Nxc5 1-0

[Event "FRA Team Ch"]
[Site "MONTPELLIER"]
[Date "2002.02.01"]
[Round "1.3"]
[White "Mellado Trivino, Juan"]
[Black "Oms Pallise, Josep"]
[Result "0-1"]
[WhiteElo "2447"]
[BlackElo "2424"]
[PlyCount "114"]
[EventDate "2002.02.??"]
[WhiteTeam "Orange"]
[BlackTeam "Toulouse"]

1. c4 e6 2. Nf3 b6 3. Nc3 Bb7 4. e4 Bb4 5. Bd3 Ne7 6. O-O O-O 7. e5 Ng6 8. Be4
Qc8 9. Qe2 d6 10. exd6 cxd6 11. Bxb7 Qxb7 12. Qe4 Qc6 13. Nd4 Qxe4 14. Nxe4 Rd8
15. a3 Bc5 16. Nf3 Nc6 17. b4 Bd4 18. Nxd4 Nxd4 19. Bb2 Ne2+ 20. Kh1 d5 21.
cxd5 Rxd5 22. g3 Ne5 23. Rfe1 Nd3 24. Rxe2 Nxb2 25. Rc1 Rad8 26. Kg2 Nd3 27.
Rc7 R5d7 28. Rxd7 Rxd7 29. f4 h6 30. Kf3 f5 31. Nc3 Kf7 32. Re3 g5 33. fxg5
hxg5 34. g4 Kf6 35. gxf5 exf5 36. Re8 Ne5+ 37. Ke2 g4 38. a4 Nf3 39. h3 Ng1+
40. Ke3 Nxh3 41. d4 g3 42. Rf8+ Kg7 43. Rxf5 g2 44. Ne2 Re7+ 45. Re5 Kf6 46.
Ke4 g1=Q 47. Nxg1 Nxg1 48. Kd5 Nf3 49. Rxe7 Kxe7 50. Kc6 Nxd4+ 51. Kb7 Kd6 52.
Kxa7 Kc6 53. Kb8 Nc2 54. b5+ Kc5 55. Kb7 Nd4 56. Ka6 Nb3 57. Kb7 Na5+ 0-1

[Event "FRA Team Ch"]
[Site "MONTPELLIER"]
[Date "2002.02.01"]
[Round "1.4"]
[White "Boyd, Stephen"]
[Black "Damien, Nicolas"]
[Result "1-0"]
[WhiteElo "2362"]
[BlackElo "2258"]
[PlyCount "71"]
[EventDate "2002.02.??"]
[WhiteTeam "Toulouse"]
[BlackTeam "Orange"]

1. e4 Nc6 2. d4 d6 3. Nc3 Nf6 4. Nf3 Bg4 5. d5 Ne5 6. Bb5+ Ned7 7. h3 Bxf3 8.
Qxf3 g6 9. g4 a6 10. Be2 Nb6 11. a4 Bg7 12. g5 Nh5 13. Qd3 c6 14. Bxh5 gxh5 15.
a5 Nd7 16. f4 cxd5 17. Nxd5 e6 18. Nc3 Qc7 19. O-O O-O-O 20. Be3 h6 21. h4 hxg5
22. hxg5 h4 23. Ra3 Nc5 24. Qc4 Qc6 25. b4 Nd7 26. Qd3 h3 27. Kh2 Kb8 28. Rf3
Rc8 29. Bd2 d5 30. e5 d4 31. Ne4 Qxc2 32. Qxc2 Rxc2 33. Rxh3 Rxh3+ 34. Rxh3 Bf8
35. Kg3 Rb2 36. Rh7 1-0

[Event "FRA Team Ch"]
[Site "MONTPELLIER"]
[Date "2002.02.01"]
[Round "1.5"]
[White "Guadalpi, David"]
[Black "Van Elst, Andreas"]
[Result "1/2-1/2"]
[WhiteElo "2315"]
[BlackElo "2298"]
[PlyCount "23"]
[EventDate "2002.02.??"]
[WhiteTeam "Orange"]
[BlackTeam "Toulouse"]

1. e4 c5 2. Nf3 e6 3. b3 d6 4. Bb2 Nf6 5. e5 dxe5 6. Nxe5 Nbd7 7. Bb5 Be7 8.
Qf3 O-O 9. Bxd7 Nxd7 10. Nxd7 Qxd7 11. Qg3 f6 12. d3 1/2-1/2

[Event "FRA Team Ch"]
[Site "MONTPELLIER"]
[Date "2002.02.01"]
[Round "1.6"]
[White "Dimitrov, Christo"]
[Black "Guidarelli, Laurent"]
[Result "1-0"]
[WhiteElo "2212"]
[BlackElo "2283"]
[PlyCount "93"]
[EventDate "2002.02.??"]
[WhiteTeam "Toulouse"]
[BlackTeam "Orange"]

1. Nf3 g6 2. d4 Bg7 3. e4 c6 4. c3 d5 5. Nbd2 Nh6 6. g3 O-O 7. Bg2 f6 8. O-O e5
9. dxe5 fxe5 10. Nb3 Nf7 11. Ne1 b6 12. Nc2 a5 13. exd5 a4 14. Nd2 cxd5 15. c4
Ra5 16. cxd5 Rxd5 17. Bxd5 Qxd5 18. Ne3 Qa8 19. f3 Ba6 20. Qxa4 Nc6 21. Nd5 b5
22. Qg4 Qa7+ 23. Kg2 Bc8 24. Qh4 Nh6 25. Ne4 Nf5 26. Nef6+ Kf7 27. Qe4 Bb7 28.
Nxh7 Rd8 29. Ng5+ Kg8 30. Ne6 Rd6 31. Nxg7 Kxg7 32. Bg5 Qd4 33. Nc3 Na5 34.
Qxd4 Nxd4 35. Ne4 Bxe4 36. fxe4 Nac6 37. Rac1 Ne6 38. Bf6+ Kh6 39. Rxc6 Rxc6
40. Bxe5 Ra6 41. a3 Nc5 42. Rf6 Ra4 43. Bf4+ Kg7 44. Rb6 Rxe4 45. Rxb5 Ne6 46.
Be5+ Kf7 47. h4 1-0

[Event "FRA Team Ch"]
[Site "MONTPELLIER"]
[Date "2002.02.01"]
[Round "1.7"]
[White "Rouchouse, Stevens"]
[Black "Laurain, Dominique"]
[Result "1-0"]
[WhiteElo "2185"]
[BlackElo "2107"]
[PlyCount "109"]
[EventDate "2002.02.??"]
[WhiteTeam "Orange"]
[BlackTeam "Toulouse"]

1. e4 e6 2. d4 d5 3. Nc3 Bb4 4. e5 Ne7 5. a3 Bxc3+ 6. bxc3 c5 7. Nf3 Qa5 8. Bd2
Nbc6 9. Be2 Bd7 10. Rb1 Qc7 11. O-O f6 12. Bf4 Ng6 13. Bg3 fxe5 14. Nxe5 Ngxe5
15. dxe5 O-O 16. f4 Ne7 17. Bf3 Bc6 18. Bg4 Nf5 19. Bf2 Qa5 20. Qd3 c4 21. Qd2
Rad8 22. Bh3 Rd7 23. g4 Nh6 24. Bd4 Qxa3 25. Ra1 Qe7 26. Rxa7 Qh4 27. Qg2 Rdf7
28. f5 Qg5 29. Qg3 Qd2 30. Raa1 Qxc2 31. fxe6 Rxf1+ 32. Rxf1 Rxf1+ 33. Kxf1 Qg6
34. Qf3 Qxe6 35. g5 Qf7 36. Qxf7+ Nxf7 37. Be6 Kf8 38. h4 Nd8 39. Bc5+ Ke8 40.
Bg8 h6 41. e6 hxg5 42. hxg5 d4 43. g6 Nxe6 44. Bxe6 dxc3 45. Bxc4 c2 46. Ba3
Be4 47. Bf7+ Kd7 48. Ke2 Kc6 49. Kd2 Kb5 50. Bb2 Kc5 51. Bxg7 b5 52. Bf8+ Kd4
53. g7 Bh7 54. g8=Q Bxg8 55. Bxg8 1-0

[Event "FRA Team Ch"]
[Site "MONTPELLIER"]
[Date "2002.02.01"]
[Round "1.8"]
[White "Vilaisarn, Akkhavanh"]
[Black "Gachon, Lionel"]
[Result "1/2-1/2"]
[WhiteElo "2170"]
[BlackElo "2239"]
[PlyCount "47"]
[EventDate "2002.02.??"]
[WhiteTeam "Toulouse"]
[BlackTeam "Orange"]

1. d4 d6 2. Nf3 g6 3. c4 Bg7 4. Nc3 Nd7 5. e3 e5 6. Be2 Ne7 7. O-O O-O 8. b4
exd4 9. exd4 c5 10. Nb5 cxd4 11. Nbxd4 d5 12. Bg5 dxc4 13. Bxc4 h6 14. Bxe7
Qxe7 15. Qb3 Nb6 16. Rfe1 Qf6 17. Bf1 Rd8 18. Rad1 Bg4 19. h3 Bxf3 20. Nxf3
Rxd1 21. Rxd1 Qc3 22. Qxc3 Bxc3 23. b5 Bf6 24. g3 1/2-1/2

[Event "FRA Team Ch"]
[Site "MONTPELLIER"]
[Date "2002.02.01"]
[Round "1.9"]
[White "Dacalor, Aurelie"]
[Black "Mourgues, Joelle"]
[Result "1-0"]
[WhiteElo "2137"]
[BlackElo "1770"]
[PlyCount "54"]
[EventDate "2002.02.??"]
[WhiteTeam "Orange"]
[BlackTeam "Toulouse"]

1. d4 Nf6 2. c4 e6 3. Nc3 Bb4 4. Bg5 h6 5. Bxf6 Bxc3+ 6. bxc3 Qxf6 7. e4 d6 8.
Nf3 e5 9. Be2 O-O 10. O-O b6 11. dxe5 dxe5 12. Qd5 c6 13. Qxe5 Qxe5 14. Nxe5
Re8 15. f4 c5 16. Rfe1 Bb7 17. Bf3 f6 18. Ng4 Nd7 19. Rad1 Rad8 20. Kf2 Ba6 21.
Ne3 Nf8 22. Rxd8 Rxd8 23. e5 fxe5 24. Bd5+ Kh7 25. fxe5 Bc8 26. Be4+ g6 27. Nd5
Re8 1-0

[Event "FRA Team Ch"]
[Site "MONTPELLIER"]
[Date "2002.02.01"]
[Round "1.2"]
[White "Shchekachev, Andrei"]
[Black "Delchev, Aleksander"]
[Result "1/2-1/2"]
[WhiteElo "2573"]
[BlackElo "2591"]
[PlyCount "71"]
[EventDate "2002.02.??"]
[WhiteTeam "Montpellier"]
[BlackTeam "Nice"]

1. Nf3 Nf6 2. c4 e6 3. Nc3 d5 4. d4 Bb4 5. e3 O-O 6. Bd3 dxc4 7. Bxc4 c5 8. O-O
Nbd7 9. a3 cxd4 10. Nb5 Be7 11. Nbxd4 e5 12. Nf5 Nb6 13. Nxe7+ Qxe7 14. Be2 Rd8
15. Qe1 Bg4 16. h3 Bh5 17. Bd2 Nbd5 18. Bb4 Nxb4 19. axb4 Ne4 20. g4 Bg6 21.
Ra5 f6 22. Kh2 b6 23. Ra3 f5 24. Rg1 fxg4 25. Rxg4 Bf5 26. Rg2 Rd6 27. Ng1 Rh6
28. Qd1 Rf8 29. Bg4 Bxg4 30. Qxg4 Rh4 31. Qe2 Ng5 32. f4 exf4 33. exf4 Qxe2 34.
Nxe2 Ne6 35. Rxa7 g6 36. Rb7 1/2-1/2

[Event "FRA Team Ch"]
[Site "MONTPELLIER"]
[Date "2002.02.01"]
[Round "1.3"]
[White "Vaisser, Anatoly"]
[Black "Flear, Glenn C"]
[Result "1-0"]
[WhiteElo "2572"]
[BlackElo "2511"]
[PlyCount "63"]
[EventDate "2002.02.??"]
[WhiteTeam "Nice"]
[BlackTeam "Montpellier"]

1. c4 e6 2. d4 d5 3. Nc3 c6 4. e3 Nf6 5. Nf3 Nbd7 6. Qc2 Bd6 7. g4 Nxg4 8. Rg1
Qf6 9. Rxg4 Qxf3 10. Rxg7 Nf8 11. Rg1 Bxh2 12. Be2 Qh3 13. Rf1 Bd7 14. Bd2 Bd6
15. e4 Ng6 16. e5 Bf8 17. O-O-O Qh4 18. f4 Bg7 19. cxd5 cxd5 20. Nb5 Rc8 21.
Nd6+ Ke7 22. Nxc8+ Rxc8 23. Bc3 Nxf4 24. Kb1 a6 25. Rh1 Qf2 26. Bb4+ Kd8 27.
Qxh7 Nxe2 28. Ba5+ Ke7 29. Qxg7 Qf5+ 30. Ka1 Bb5 31. Rhf1 Qg6 32. Bb4+ 1-0

[Event "FRA Team Ch"]
[Site "MONTPELLIER"]
[Date "2002.02.01"]
[Round "1.4"]
[White "Hamdouchi, Hichem"]
[Black "Leski, Marc"]
[Result "1-0"]
[WhiteElo "2522"]
[BlackElo "2421"]
[PlyCount "103"]
[EventDate "2002.02.??"]
[WhiteTeam "Montpellier"]
[BlackTeam "Nice"]

1. e4 d6 2. d4 Nf6 3. Nc3 g6 4. Bf4 c6 5. Qd2 Nbd7 6. Nf3 Qa5 7. Bd3 e5 8. dxe5
dxe5 9. Bh6 Bxh6 10. Qxh6 Qc5 11. O-O Qf8 12. Qd2 Qe7 13. h3 Nh5 14. Ne2 O-O
15. Qh6 Qf6 16. b4 a5 17. a3 Re8 18. Bc4 Qg7 19. Qd2 axb4 20. axb4 Rxa1 21.
Rxa1 Nf4 22. Ng5 Rf8 23. Nxf7 Nxe2+ 24. Qxe2 Rxf7 25. Qe3 Qf8 26. Ra8 Kg7 27.
Bxf7 Kxf7 28. Qf3+ Nf6 29. b5 Qe8 30. Qb3+ Be6 31. Rxe8 Bxb3 32. Rb8 Bxc2 33.
Rxb7+ Ke6 34. b6 Nd7 35. f3 Kd6 36. h4 c5 37. Kf2 c4 38. Ke3 Ba4 39. Kd2 h6 40.
Kc3 Bc6 41. Ra7 Nxb6 42. Kb4 Bd7 43. Ra6 Kc7 44. Kc5 Na4+ 45. Kxc4 Bc6 46. Ra7+
Kd6 47. h5 Nb6+ 48. Kb4 gxh5 49. Rh7 Be8 50. Rxh6+ Kc7 51. Re6 Bf7 52. Re7+ 1-0

[Event "FRA Team Ch"]
[Site "MONTPELLIER"]
[Date "2002.02.01"]
[Round "1.5"]
[White "Sharif, Mehrshad"]
[Black "Prie, Eric"]
[Result "1/2-1/2"]
[WhiteElo "2476"]
[BlackElo "2497"]
[PlyCount "69"]
[EventDate "2002.02.??"]
[WhiteTeam "Nice"]
[BlackTeam "Montpellier"]

1. d4 d5 2. c4 c6 3. Nf3 Nf6 4. e3 a6 5. Qc2 Bg4 6. Nbd2 e6 7. Bd3 Nbd7 8. O-O
Be7 9. b3 Bh5 10. Bb2 Bg6 11. e4 O-O 12. Rad1 Rc8 13. Rfe1 Kh8 14. exd5 Bxd3
15. Qxd3 exd5 16. c5 Kg8 17. b4 Re8 18. Ne5 Nf8 19. Nb3 N6d7 20. Bc1 Nxe5 21.
dxe5 Qd7 22. a3 g6 23. Bh6 Ne6 24. f4 Bf8 25. Bxf8 Rxf8 26. f5 Ng7 27. e6 fxe6
28. fxg6 hxg6 29. Qxg6 Qe7 30. Nd4 Rf6 31. Qg3 Qf7 32. Rf1 Rf8 33. Rf3 Rxf3 34.
Nxf3 Qf4 35. Qe1 1/2-1/2

[Event "FRA Team Ch"]
[Site "MONTPELLIER"]
[Date "2002.02.01"]
[Round "1.6"]
[White "Touzane, Olivier"]
[Black "Caposciutti, Maurizio"]
[Result "1-0"]
[WhiteElo "2376"]
[BlackElo "2353"]
[PlyCount "65"]
[EventDate "2002.02.??"]
[WhiteTeam "Montpellier"]
[BlackTeam "Nice"]

1. d4 Nf6 2. c4 d6 3. Nc3 Nbd7 4. Nf3 e5 5. e4 c6 6. Be2 Be7 7. O-O O-O 8. Re1
a6 9. d5 Nc5 10. Qc2 a5 11. Be3 Na6 12. Nd2 Bd7 13. a3 Ne8 14. Rab1 c5 15. g3
g6 16. Kh1 f5 17. f4 Ng7 18. fxe5 dxe5 19. Bh6 Nc7 20. Bd3 Bd6 21. Nf3 Qf6 22.
Bg5 Qf7 23. exf5 Nxf5 24. Rf1 Qg7 25. Qd2 Rf7 26. Ne4 Ne8 27. g4 Nd4 28. Bh6
Nxf3 29. Qe3 Qh8 30. Rxf3 Bxg4 31. Rxf7 Kxf7 32. Rf1+ Kg8 33. Qg3 1-0

[Event "FRA Team Ch"]
[Site "MONTPELLIER"]
[Date "2002.02.01"]
[Round "1.7"]
[White "Bujisho, Benjamin"]
[Black "Santo-Roman, Marc"]
[Result "1/2-1/2"]
[WhiteElo "2358"]
[BlackElo "2413"]
[PlyCount "112"]
[EventDate "2002.02.??"]
[WhiteTeam "Nice"]
[BlackTeam "Montpellier"]

1. e4 Nf6 2. e5 Nd5 3. d4 d6 4. c4 Nb6 5. exd6 cxd6 6. Nc3 g6 7. Be3 Bg7 8. Rc1
O-O 9. b3 Nc6 10. d5 Ne5 11. Be2 Re8 12. Nb5 a6 13. Nd4 e6 14. dxe6 fxe6 15.
Ngf3 Nf7 16. O-O Nd7 17. h4 Bf6 18. h5 gxh5 19. Nd2 h4 20. Bh5 Nde5 21. Qc2 Bg7
22. Rce1 Bd7 23. f4 Ng6 24. f5 exf5 25. Nxf5 Bxf5 26. Qxf5 Nfe5 27. Ne4 Qd7 28.
Qxd7 Nxd7 29. Nxd6 Rxe3 30. Rxe3 Bd4 31. Nf5 Bxe3+ 32. Nxe3 Nde5 33. Nd5 Rd8
34. Rf6 Kg7 35. Re6 Rd7 36. Bxg6 Nxg6 37. Kf2 Kh6 38. a4 Kg5 39. Re2 Rf7+ 40.
Kg1 Nf4 41. Nxf4 Rxf4 42. Re7 b6 43. Re6 Rf6 44. Rxf6 Kxf6 45. a5 bxa5 46. Kf2
Kg5 47. Ke3 h6 48. Kd3 Kf4 49. Kd4 Kg3 50. c5 Kxg2 51. c6 h3 52. c7 h2 53. c8=Q
h1=Q 54. Qc6+ Kg1 55. Qc1+ Kg2 56. Qc6+ Kg1 1/2-1/2

[Event "FRA Team Ch"]
[Site "MONTPELLIER"]
[Date "2002.02.01"]
[Round "1.8"]
[White "Boudre, Jean-Pierre"]
[Black "Brochet, Philippe"]
[Result "0-1"]
[WhiteElo "2384"]
[BlackElo "2381"]
[PlyCount "88"]
[EventDate "2002.02.??"]
[WhiteTeam "Montpellier"]
[BlackTeam "Nice"]

1. e4 c5 2. Nf3 Nc6 3. Bb5 e5 4. O-O Nge7 5. c3 a6 6. Ba4 b5 7. Bb3 Ng6 8. d4
exd4 9. cxd4 c4 10. Bc2 Nb4 11. Nc3 Nxc2 12. Qxc2 Bb7 13. Bd2 Be7 14. d5 O-O
15. Rad1 Rc8 16. Ne2 b4 17. Ned4 a5 18. Nf5 d6 19. Be3 Bf6 20. Bd4 Nf4 21. Rfe1
Re8 22. Re3 g6 23. Bxf6 Qxf6 24. N5d4 Rc5 25. g3 Nd3 26. Rdxd3 cxd3 27. Qxd3
Rc1+ 28. Kg2 Ra8 29. h4 Ba6 30. Qd2 Ra1 31. a3 bxa3 32. bxa3 Qd8 33. Nc6 Bf1+
34. Kh2 Qd7 35. Ng1 a4 36. Qb2 Rd1 37. Qc2 Ra1 38. Qc3 Ra2 39. Qf6 Re8 40. e5
dxe5 41. Re1 Bb5 42. Rc1 Bxc6 43. dxc6 Qd2 44. Rf1 Re6 0-1

[Event "FRA Team Ch"]
[Site "MONTPELLIER"]
[Date "2002.02.01"]
[Round "1.9"]
[White "Nicoara, Malina"]
[Black "Milliet, Sophie"]
[Result "1-0"]
[WhiteElo "2225"]
[BlackElo "2165"]
[PlyCount "103"]
[EventDate "2002.02.??"]
[WhiteTeam "Nice"]
[BlackTeam "Montpellier"]

1. d4 d5 2. c4 e6 3. Nc3 Be7 4. cxd5 exd5 5. Bf4 c6 6. e3 Bf5 7. Nf3 Nf6 8. h3
O-O 9. Bd3 Bxd3 10. Qxd3 Bd6 11. Bxd6 Qxd6 12. O-O Nbd7 13. Rab1 a5 14. a3 Rfe8
15. Nd2 Qe7 16. Rfc1 Ne4 17. Ncxe4 dxe4 18. Qb3 Nf6 19. Nc4 a4 20. Qb4 Nd5 21.
Qxe7 Rxe7 22. Nd2 f5 23. g3 g5 24. Re1 b5 25. Rbc1 Re6 26. Rc5 Rf8 27. Kh2 f4
28. exf4 e3 29. fxe3 gxf4 30. gxf4 Nxe3 31. Rg1+ Kh8 32. Rcg5 Nf5 33. Nf3 h6
34. Rg6 Re2+ 35. R1g2 Rxg2+ 36. Rxg2 Ne3 37. Re2 Nd5 38. Ne5 Kh7 39. Nxc6 Rxf4
40. Re5 Nf6 41. Rxb5 Ne4 42. Rb4 Rf2+ 43. Kg1 Rd2 44. Ne5 Kg7 45. Nf3 Rd3 46.
Kg2 Kf6 47. Rxa4 Kf5 48. Ra8 Rb3 49. Rf8+ Ke6 50. Re8+ Kf5 51. Re5+ Kf4 52.
Rxe4+ 1-0

[Event "FRA Team Ch"]
[Site "MONACO"]
[Date "2002.02.01"]
[Round "1.1"]
[White "Marcelin, Cyril"]
[Black "Marciano, David"]
[Result "1/2-1/2"]
[WhiteElo "2455"]
[BlackElo "2505"]
[PlyCount "24"]
[EventDate "2000.02.??"]
[WhiteTeam "Noyon"]
[BlackTeam "Monaco"]

1. e4 c5 2. Nf3 e6 3. c3 d5 4. exd5 exd5 5. d4 Nc6 6. Be2 Bd6 7. dxc5 Bxc5 8.
O-O Nge7 9. Nbd2 O-O 10. Nb3 Bb6 11. Nfd4 Nf5 12. Bf3 Ncxd4 1/2-1/2

[Event "FRA Team Ch"]
[Site "MONACO"]
[Date "2002.02.01"]
[Round "1.2"]
[White "Dorfman, Josif D"]
[Black "Glavina, Pablo"]
[Result "1-0"]
[WhiteElo "2602"]
[BlackElo "2417"]
[PlyCount "53"]
[EventDate "2000.02.??"]
[WhiteTeam "Monaco"]
[BlackTeam "Noyon"]

1. d4 {0} 1... Nf6 {0} 2. c4 c5 3. Nf3 cxd4 4. Nxd4 e5 5. Nb5 d5 6. cxd5 Bc5 7.
N5c3 O-O 8. e3 e4 9. Be2 Qe7 10. a3 a5 11. g4 h6 12. Nd2 Nbd7 13. h4 Nb6 14. d6
Bxd6 15. g5 hxg5 16. hxg5 Nh7 17. Ndxe4 Be5 18. Qb3 Qe6 19. Qxe6 Bxe6 20. f4
Bxc3+ 21. Nxc3 Rfd8 22. e4 f5 23. exf5 Bxf5 24. Be3 Rd6 25. Bxb6 Rxb6 26. Nd5
Re6 27. Nc7 1-0

[Event "FRA Team Ch"]
[Site "MONACO"]
[Date "2002.02.01"]
[Round "1.4"]
[White "Kosten, Anthony C"]
[Black "Karr, Jean-Philippe"]
[Result "1/2-1/2"]
[WhiteElo "2533"]
[BlackElo "2402"]
[PlyCount "114"]
[EventDate "2000.02.??"]
[WhiteTeam "Monaco"]
[BlackTeam "Noyon"]

1. Nf3 c5 2. b3 d6 3. e3 Nc6 4. Bb2 e5 5. d4 cxd4 6. exd4 e4 7. Nfd2 d5 8. c4
Nf6 9. a3 dxc4 10. Nxc4 Be7 11. Ne3 Bd6 12. Nd2 Bb8 13. Ndc4 Ne7 14. g3 O-O 15.
Bg2 b5 16. Ne5 Ned5 17. O-O Be6 18. Rc1 Nxe3 19. fxe3 Qd5 20. b4 Bd6 21. Qc2
Rac8 22. Qb1 Qb3 23. Rce1 Rc2 24. Ba1 Qa2 25. Qxa2 Rxa2 26. d5 Nxd5 27. Nc6
Rxa3 28. Bxe4 Nxb4 29. Nd4 Bc4 30. Rf2 Nd3 31. Bxd3 Bxd3 32. Rd1 Bc4 33. Nf5
Bc5 34. Bxg7 Re8 35. Bh6 Bd3 36. Nd4 Bf8 37. Bg5 Bg7 38. Rfd2 Bc4 39. Nf5 h5
40. Rd7 Be6 41. Nxg7 Kxg7 42. Rb7 a6 43. Bf4 Bc4 44. Rc7 Rd3 45. Ra1 Re6 46. h3
Rd2 47. Rc5 Rd5 48. Rc8 Bd3 49. Rb8 Rc5 50. Rd1 Rc3 51. Rd8 Be4 52. g4 hxg4 53.
hxg4 Rb3 54. R1d7 b4 55. Bd6 Kg6 56. Bc5 Kg5 57. Rxf7 Rb1+ 1/2-1/2

[Event "FRA Team Ch"]
[Site "MONACO"]
[Date "2002.02.01"]
[Round "1.5"]
[White "Tirard, Hugo"]
[Black "Bauer, Christian"]
[Result "1/2-1/2"]
[WhiteElo "2401"]
[BlackElo "2578"]
[PlyCount "68"]
[EventDate "2000.02.??"]
[WhiteTeam "Noyon"]
[BlackTeam "Monaco"]

1. e4 e5 2. Nf3 d6 3. d4 exd4 4. Nxd4 Nf6 5. Nc3 g6 6. Be3 Bg7 7. f3 O-O 8. Qd2
d5 9. e5 Nfd7 10. e6 Ne5 11. e7 Qxe7 12. Nxd5 Qh4+ 13. Qf2 Qd8 14. Nc3 c5 15.
Nb3 b6 16. Rd1 Nbd7 17. Be2 Nc6 18. O-O a6 19. f4 Ne7 20. Bg4 Qc7 21. a4 Nf6
22. Bxc8 Rfxc8 23. h3 Nf5 24. a5 Nxe3 25. Qxe3 bxa5 26. f5 c4 27. Nd4 Re8 28.
Qf3 Rad8 29. fxg6 hxg6 30. Qc6 Qxc6 31. Nxc6 Rc8 32. Nxa5 Nh5 33. Rf3 Re5 34.
Nb7 f5 1/2-1/2

[Event "FRA Team Ch"]
[Site "MONACO"]
[Date "2002.02.01"]
[Round "1.7"]
[White "Bernard, Jacques"]
[Black "Miralles, Gilles"]
[Result "1-0"]
[WhiteElo "2235"]
[BlackElo "2467"]
[PlyCount "77"]
[EventDate "2000.02.??"]
[WhiteTeam "Noyon"]
[BlackTeam "Monaco"]

1. e4 c5 2. Nf3 Nf6 3. Nc3 Nc6 4. d4 d5 5. exd5 Nxd5 6. Nxd5 Qxd5 7. dxc5 Qxd1+
8. Kxd1 Bg4 9. Be3 O-O-O+ 10. Kc1 e5 11. Bc4 f6 12. h3 Bf5 13. c3 Na5 14. Be2
Be6 15. Nd2 f5 16. f3 Be7 17. b4 Nc6 18. Bc4 Bxc4 19. Nxc4 Rd3 20. Kc2 e4 21.
fxe4 fxe4 22. Rad1 Rhd8 23. Rxd3 Rxd3 24. Re1 b5 25. cxb6 Rxc3+ 26. Kxc3 Bxb4+
27. Kb3 Bxe1 28. bxa7 Kb7 29. Nd6+ Ka8 30. Nxe4 Nxa7 31. Bxa7 Kxa7 32. Kc4 Kb6
33. Kd5 h6 34. Ke6 Kc6 35. Nd6 h5 36. Nf5 g5 37. Nd4+ Kc5 38. Nf3 Bc3 39. Nxg5
1-0

[Event "FRA Team Ch"]
[Site "MONACO"]
[Date "2002.02.01"]
[Round "1.8"]
[White "Efimov, Igor"]
[Black "Wolfangel, Florence"]
[Result "1-0"]
[WhiteElo "2444"]
[BlackElo "1960"]
[PlyCount "59"]
[EventDate "2000.02.??"]
[WhiteTeam "Monaco"]
[BlackTeam "Noyon"]

1. d4 Nf6 2. c4 g6 3. Nc3 Bg7 4. e4 d6 5. f3 Nbd7 6. Be3 c5 7. d5 Rb8 8. Qd2
Rg8 9. Nh3 a6 10. Be2 Qa5 11. O-O b5 12. cxb5 axb5 13. a4 b4 14. Nb5 Nb6 15.
Nf2 Nfd7 16. f4 Bb7 17. e5 Nxd5 18. exd6 Bxb2 19. Nc7+ Nxc7 20. dxc7 Qxc7 21.
Qxb2 Bd5 22. Rfd1 Qb7 23. Bb5 Bc6 24. Bxc6 Qxc6 25. Nd3 g5 26. fxg5 Ra8 27.
Rac1 Ra5 28. Qxb4 Rxa4 29. Rxc5 Qa6 30. Qxa4 1-0

[Event "FRA Team Ch"]
[Site "MONACO"]
[Date "2002.02.01"]
[Round "1.2"]
[White "Eliet, Nicolas"]
[Black "Lopez Martinez, Josep Manuel"]
[Result "1-0"]
[WhiteElo "2401"]
[BlackElo "2470"]
[PlyCount "119"]
[EventDate "2000.02.??"]
[WhiteTeam "Gonfreville"]
[BlackTeam "Sautron"]

1. d4 d5 2. c4 c6 3. Nf3 Nf6 4. cxd5 cxd5 5. Nc3 a6 6. Bf4 e6 7. e3 Be7 8. Bd3
O-O 9. Ne5 b5 10. O-O Bb7 11. Qf3 Nbd7 12. Qh3 Re8 13. Rac1 g6 14. Nxd7 Nxd7
15. Qg3 Nf6 16. Be5 Rc8 17. a3 Qb6 18. Bxf6 Bxf6 19. f4 Bg7 20. Qf2 Re7 21. Qd2
Rec7 22. Ne2 Bf8 23. Rxc7 Rxc7 24. b4 Rc8 25. Nc1 Qc6 26. Na2 Qb6 27. Rc1 Ra8
28. Qc2 Bd6 29. Nc3 Rc8 30. g3 a5 31. Qb2 axb4 32. axb4 Kg7 33. Ra1 Bc6 34. Ra5
Be8 35. Kf2 Be7 36. Qa3 Qd6 37. Na2 Rb8 38. Qb2 Bf6 39. Qc3 Qd8 40. Nc1 Rc8 41.
Qd2 Ra8 42. Nb3 g5 43. Nc5 gxf4 44. gxf4 Kh8 45. Qa2 Rb8 46. Ra7 Bg7 47. Kg3
Bf6 48. Qe2 Bc6 49. Bxh7 Bh4+ 50. Kh3 Qf6 51. Qh5 Kg7 52. Qxh4 Rh8 53. Qg5+
Qxg5 54. fxg5 Rxh7+ 55. Kg3 Kg6 56. Rc7 Be8 57. Rc8 Rh8 58. Nb7 Rh5 59. h4 Bd7
60. Rd8 1-0

[Event "FRA Team Ch"]
[Site "MONACO"]
[Date "2002.02.01"]
[Round "1.3"]
[White "Dgebuadze, Alexandre"]
[Black "Jonkman, Harmen"]
[Result "1-0"]
[WhiteElo "2544"]
[BlackElo "2498"]
[PlyCount "79"]
[EventDate "2000.02.??"]
[WhiteTeam "Sautron"]
[BlackTeam "Gonfreville"]

1. e4 e5 2. Nf3 Nc6 3. Bc4 Nf6 4. d3 Bc5 5. Nc3 h6 6. Be3 Bb4 7. Qd2 Ng4 8. a3
Nxe3 9. fxe3 Bxc3 10. Qxc3 d6 11. O-O O-O 12. d4 Qe7 13. Bd5 Bd7 14. b4 Rac8
15. dxe5 dxe5 16. Rf2 Kh7 17. Raf1 f6 18. h3 a6 19. Rd1 Nd8 20. Qe1 Be6 21.
Rfd2 a5 22. Nh4 axb4 23. axb4 Nf7 24. Qg3 Ng5 25. Nf5 Bxf5 26. exf5 c6 27. Bb3
Rcd8 28. Qg4 Rxd2 29. Rxd2 Nf7 30. Qc4 h5 31. Qh4 g6 32. Be6 Rd8 33. Bxf7 Rxd2
34. fxg6+ Kh6 35. g4 Kg7 36. Qxh5 Qxb4 37. Qh7+ Kf8 38. Qh8+ Ke7 39. Qe8+ Kd6
40. Qf8+ 1-0

[Event "FRA Team Ch"]
[Site "MONACO"]
[Date "2002.02.01"]
[Round "1.4"]
[White "Rausis, Igors"]
[Black "Belkhodja, Slim"]
[Result "1-0"]
[WhiteElo "2466"]
[BlackElo "2506"]
[PlyCount "73"]
[EventDate "2000.02.??"]
[WhiteTeam "Gonfreville"]
[BlackTeam "Sautron"]

1. d4 d6 2. e4 Nf6 3. Bd3 Nc6 4. c3 e5 5. d5 Ne7 6. Ne2 g6 7. c4 Bg7 8. Nbc3 c6
9. h3 O-O 10. Bg5 h6 11. Be3 b5 12. dxc6 bxc4 13. Bxc4 Nxc6 14. O-O Bb7 15. b4
Ne7 16. f3 d5 17. exd5 Nexd5 18. Bc5 Nxc3 19. Nxc3 Qxd1 20. Raxd1 Rfc8 21. Ne4
Nxe4 22. fxe4 Rc7 23. Rxf7 Rxf7 24. Bxf7+ Kxf7 25. Rd7+ Kf6 26. Rxb7 a6 27. g4
Bf8 28. Rb6+ Kf7 29. Bxf8 Rxf8 30. Rxa6 Rc8 31. b5 Rc2 32. b6 Rb2 33. a4 Kf6
34. h4 Ke6 35. a5 Kd6 36. b7+ Kc7 37. Rxg6 1-0